Canción de la Falange (Record no. 64970)
[ view plain ]
| 000 -LEADER | |
|---|---|
| campo de control de longitud fija | 01180ncm a2200301 i 4500 |
| 001 - NÚMERO DE CONTROL | |
| campo de control | 64970 |
| 003 - IDENTIFICADOR DE NÚMERO DE CONTROL | |
| campo de control | ES-MaACL |
| 005 - FECHA Y HORA DE LA ÚLTIMA TRANSACCIÓN | |
| campo de control | 20250220200443.0 |
| 007 - CAMPO FIJO DE DESCRIPCIÓN FÍSICA--INFORMACIÓN GENERAL | |
| campo de control de longitud fija | q| |
| 008 - DATOS DE LONGITUD FIJA--INFORMACIÓN GENERAL | |
| campo de control de longitud fija | 040107q1939 sp ||| |||||||| | spa d |
| 040 ## - FUENTE DE CATALOGACIÓN | |
| Centro/agencia transcriptor | ES-MaACL |
| 245 00 - MENCIÓN DEL TÍTULO | |
| Título | Canción de la Falange |
| Medio | [Música notada] / |
| Mención de responsabilidad, etc. | textos de Agustín de Foxá ; estampas de C. Sáenz de Tejada. |
| 246 ## - FORMA VARIANTE DEL TITULO | |
| Título propio/Titulo breve | Cara al sol |
| 260 ## - PUBLICACIÓN, DISTRIBUCIÓN, ETC. | |
| Lugar de publicación, distribución, etc. | Sevilla : |
| Nombre del editor, distribuidor, etc. | Ediciones Españolas, |
| Fecha de publicación, distribución, etc. | [ca. 1939] |
| Lugar de fabricación/manufactura | (Madrid : |
| Fabricante | Aldus) |
| 300 ## - DESCRIPCIÓN FÍSICA | |
| Extensión | [20] hojas : |
| Otras características físicas | ilustraciones (color) ; |
| Dimensiones | 32 x 42 cm. |
| 500 ## - NOTA GENERAL | |
| Nota general | Historia, letra y música del "Cara al sol", Juan Tellería |
| 530 ## - NOTA DISPONIBLE DE FORMULARIO FÍSICO ADICIONAL | |
| Nota de formato físico adicional disponible | Disponible en formato digital |
| 610 20 - PUNTO DE ACCESO ADICIONAL DE MATERIA--NOMBRE DE ENTIDAD CORPORATIVA | |
| Nombre de entidad corporativa o nombre de jurisdicción como elemento de entrada | Falange Española de las J.O.N.S. (1934-1937)- |
| Subdivisión de forma | Himnos |
| 9 (RLIN) | 235854 |
| 700 1# - ENTRADA AGREGADA--NOMBRE PERSONAL | |
| Nombre de persona | Foxá, Agustín de, |
| Fechas asociadas al nombre | 1903-1959 |
| 9 (RLIN) | 52033 |
| Término indicativo de función/relación | Autor |
| 700 1# - ENTRADA AGREGADA--NOMBRE PERSONAL | |
| Nombre de persona | Sáenz de Tejada, Carlos, |
| Fechas asociadas al nombre | 1897-1958 |
| 9 (RLIN) | 141636 |
| Término indicativo de función/relación | Ilustrador |
| 700 1# - ENTRADA AGREGADA--NOMBRE PERSONAL | |
| Nombre de persona | Tellería, Juan, |
| Fechas asociadas al nombre | 1894-1949 |
| 9 (RLIN) | 158865 |
| Término indicativo de función/relación | Autor |
| 740 02 - ENTRADA AGREGADA--TÍTULO RELACIONADO/ANALÍTICO NO CONTROLADO | |
| Título relacionado o analítico no controlado | Cara al sol. |
| 852 4# - LOCALIZACIÓN | |
| Ubicación | ES-MaACL |
| Ubicación en estantería | Sala Pecera Planta 2 |
| Número de control de estantería | F-15034 |
| 856 4# - LOCALIZACIÓN Y ACCESO ELECTRÓNICOS | |
| Identificador Uniforme de Recursos | <a href="http://hdl.handle.net/10357/59404 ">http://hdl.handle.net/10357/59404 </a> |
| Texto de enlace | Versión en línea |
| Nota pública | (Memoria Digital Vasca) |
| 942 ## - ELEMENTOS DE ENTRADA SECUNDARIOS (KOHA) | |
| Tipo de ítem Koha | Partitura |
| Suprimir en OPAC | No |
| Estatus retirado | Estado de pérdida | Fuente del sistema de clasificación o colocación | Estado de daño | No para préstamo | Colección | Biblioteca de origen | Biblioteca actual | Ubicación en estantería | Fecha de adquisición | Total de préstamos | Signatura topográfica completa | Código de barras | Visto por última vez | Fecha del último préstamo | Tipo de ítem Koha |
|---|---|---|---|---|---|---|---|---|---|---|---|---|---|---|---|
| Clasificación decimal universal | Colección digital | Biblioteca del Ateneo de Madrid | Biblioteca del Ateneo de Madrid | Sala Pecera Planta 2 | 17/01/2008 | 1 | F-15034 | 1068073 | 28/05/2026 | 11/02/2026 | Partitura |
